Clase y sociedad
Gespeichert in:
| 1. Verfasser: | |
|---|---|
| Format: | Buch |
| Sprache: | Spanisch |
| Veröffentlicht: |
Buenos Aires
Paidos
1961
|
| Schriftenreihe: | Biblioteca del Hombre Contemporáneo, 52
|
| Schlagworte: | |
| Tags: |
Tag hinzufügen
Keine Tags, Fügen Sie den ersten Tag hinzu!
|
MARC
| LEADER | 00000nam a2200000 a 4500 | ||
|---|---|---|---|
| 001 | UCV1804 | ||
| 003 | CL-VaPUC | ||
| 008 | 910321e19610000AG |||||||||||||||||spa|d | ||
| 082 | 0 | 4 | |a 305.155 |b MAY |2 21 |
| 100 | |a Mayer, Kurt Bernd |e autor |9 296005 | ||
| 245 | 1 | 0 | |a Clase y sociedad |
| 300 | |a 170 p | ||
| 942 | |c BK | ||
| 945 | |d 19910321 00:00:00 | ||
| 260 | |a Buenos Aires |b Paidos |c 1961 | ||
| 650 | 0 | |a Cambio social |9 256857 | |
| 650 | 0 | |a Clases sociales |9 256858 | |
| 650 | 0 | |a Estructura social |9 296006 | |
| 651 | 0 | |a Estados Unidos |9 255178 | |
| 583 | |a last modification |c 20160907 08:47:37 |k Rodrigo Vera | ||
| 490 | 0 | |a Biblioteca del Hombre Contemporáneo, 52 | |
| 999 | |c 209605 |d 209603 | ||
| 952 | |0 0 |1 0 |4 0 |6 305_155000000000000_MAY_1961 |7 0 |8 A |9 185115 |a BIBDER |b BIBDER |d 2019-11-14 |i 2525550 |o 305.155 MAY 1961 |p 2525550 |r 2023-01-25 |w 2019-11-14 |y BK |k DER | ||
| 952 | |0 0 |1 0 |4 0 |6 305_155000000000000_MAY_1961 |7 0 |8 P |9 185116 |a BIBEDU |b BIBEDU |c BIBEDU_PB |d 2019-11-14 |i 2525569 |o 305.155 MAY 1961 |p 2525569 |r 2024-01-25 |w 2019-11-14 |y BK |k EDU | ||
| 952 | |0 0 |1 0 |4 0 |6 305_155000000000000_MAY_1961 |7 0 |8 A |9 185117 |a BIBHIS |b BIBHIS |d 2019-11-14 |i 4416546 |o 305.155 MAY 1961 |p 4416546 |r 2025-01-20 |w 2019-11-14 |y BK |k HIS | ||